[Event "WCO2014"]
[Site "Tromso"]
[Date "2014.08.09"]
[Round "7.27"]
[WhiteID "21500029"]
[White "Al Habeeb Emad"]
[BlackID "14317265"]
[Black "Mohatlane Liteboho"]
[Result "1-0"]
[LiveChessVersion "1.4.3"]
[BlackElo "1577"]
[WhiteElo "2044"]

1. e4 {[%clk 1:30:53]} e5 {[%clk 1:30:56]} 2. d4 {[%clk 1:25:45]} exd4
{[%clk 1:31:17]} 3. c3 {[%clk 1:25:47]} dxc3 {[%clk 1:28:05]} 4. Nxc3
{[%clk 1:26:03]} Nc6 {[%clk 1:24:57]} 5. Nf3 {[%clk 1:26:20]} d6 {[%clk 1:23:31]}
6. Bb5 {[%clk 1:24:11]} Bg4 {[%clk 1:19:45]} 7. Qa4 {[%clk 1:22:41]} Bd7
{[%clk 1:14:38]} 8. O-O {[%clk 1:20:00]} Be7 {[%clk 1:12:41]} 9. Bf4
{[%clk 1:17:23]} a6 {[%clk 0:59:58]} 10. Be2 {[%clk 1:17:06]} Nf6
{[%clk 0:57:05]} 11. Qc2 {[%clk 1:15:26]} O-O {[%clk 0:52:00]} 12. Rfd1
{[%clk 1:14:36]} Ng4 {[%clk 0:50:48]} 13. h3 {[%clk 1:13:24]} Nge5
{[%clk 0:51:05]} 14. Bxe5 {[%clk 1:13:07]} dxe5 {[%clk 0:51:07]} 15. Rd2
{[%clk 1:10:41]} Bd6 {[%clk 0:50:25]} 16. Nd5 {[%clk 1:08:54]} Ne7
{[%clk 0:50:17]} 17. Nb6 Rb8 {[%clk 0:47:21]} 18. Nxd7 {[%clk 1:06:25]} Qxd7
{[%clk 0:47:42]} 19. Nxe5 {[%clk 1:06:34]} Qe6 {[%clk 0:47:20]} 20. Nf3
{[%clk 1:05:25]} Ng6 {[%clk 0:47:02]} 21. Bc4 {[%clk 1:01:48]} Qf6
{[%clk 0:47:02]} 22. Rd5 {[%clk 0:55:55]} Ne5 {[%clk 0:39:26]} 23. Nxe5
{[%clk 0:46:36]} Bxe5 {[%clk 0:39:44]} 24. Rf1 {[%clk 0:45:32]} Rbd8
{[%clk 0:39:10]} 25. b3 {[%clk 0:36:01]} Rxd5 {[%clk 0:37:09]} 26. Bxd5
{[%clk 0:32:57]} c6 {[%clk 0:36:59]} 27. Bc4 {[%clk 0:32:38]} Rd8
{[%clk 0:33:49]} 28. g3 {[%clk 0:26:00]} Qh6 {[%clk 0:28:22]} 29. Kg2
{[%clk 0:24:27]} Rd2 {[%clk 0:27:17]} 30. Rd1 {[%clk 0:24:14]} Rxd1
{[%clk 0:22:52]} 31. Qxd1 {[%clk 0:24:03]} Qd6 {[%clk 0:22:45]} 32. Qf3
{[%clk 0:20:11]} Qf6 {[%clk 0:22:53]} 33. Qg4 {[%clk 0:20:06]} Qd8
{[%clk 0:20:36]} 34. Qf5 {[%clk 0:18:21]} Bf6 {[%clk 0:14:56]} 35. e5
{[%clk 0:17:35]} b5 {[%clk 0:13:59]} 36. Bd3 {[%clk 0:15:47]} g6 {[%clk 0:13:13]}
37. Qxf6 {[%clk 0:14:26]} Qxd3 {[%clk 0:13:30]} 38. Qxc6 {[%clk 0:14:19]} b4
{[%clk 0:09:39]} 39. Qb7 {[%clk 0:12:40]} Qe2 {[%clk 0:08:28]} 40. Qb8+
{[%clk 0:10:34]} Kg7 {[%clk 0:08:25]} 41. Qxb4 {[%clk 0:10:56]} Qxa2
{[%clk 0:07:33]} 42. Qc3 {[%clk 0:08:58]} Kf8 {[%clk 0:06:42]} 43. e6
{[%clk 0:07:29]} Ke7 {[%clk 0:05:18]} 44. exf7 {[%clk 0:03:30]} Kxf7
{[%clk 0:05:42]} 45. Qc7+ {[%clk 0:03:27]} Kf6 {[%clk 0:04:42]} 46. Qc4
{[%clk 0:28:46]} h5 {[%clk 0:32:55]} 47. h4 {[%clk 0:27:40]} a5 {[%clk 0:30:40]}
48. Kf3 {[%clk 0:26:15]} Qd2 {[%clk 0:28:35]} 49. Qf4+ {[%clk 0:26:14]} Qxf4+
{[%clk 0:28:36]} 50. Kxf4 {[%clk 0:26:27]} Ke6 {[%clk 0:23:56]} 51. Kg5
{[%clk 0:26:29]} Kf7 {[%clk 0:19:11]} 52. f3 {[%clk 0:26:45]} Kg7
{[%clk 0:19:12]} 53. g4 {[%clk 0:26:56]} hxg4 {[%clk 0:18:28]} 54. fxg4
{[%clk 0:27:13]} Kf7 {[%clk 0:18:19]} 55. Kf4 {[%clk 0:27:22]} Kf6
{[%clk 0:11:55]} 56. Ke4 {[%clk 0:26:42]} Ke6 {[%clk 0:11:47]} 57. Kd4
{[%clk 0:26:52]} Kf6 {[%clk 0:11:52]} 58. Kd5 {[%clk 0:26:16]} Ke7
{[%clk 0:10:04]} 59. Kc5 {[%clk 0:25:56]} Ke6 {[%clk 0:09:38]} 60. h5
{[%clk 0:26:12]} a4 61. bxa4 gxh5 {[%clk 0:08:14]} 62. gxh5 {[%clk 0:25:30]} Kf6
{[%clk 0:08:19]} 63. a5 {[%clk 0:25:48]} Kg5 {[%clk 0:08:43]} 64. a6
{[%clk 0:25:58]} Kxh5 {[%clk 0:08:51]} 65. a7 {[%clk 0:26:20]} 1-0

[Event "WCO2014"]
[Site "Tromso"]
[Date "2014.08.09"]
[Round "7.26"]
[WhiteID "14317206"]
[White "Latela Kananelo"]
[BlackID "21500193"]
[Black "Al Mutairi Hassan S"]
[Result "1/2-1/2"]
[LiveChessVersion "1.4.3"]
[BlackElo "2075"]
[WhiteElo "1479"]

1. e4 {[%clk 1:30:26]} e5 {[%clk 1:30:20]} 2. Nf3 {[%clk 1:29:40]} Nc6
{[%clk 1:30:40]} 3. Bb5 {[%clk 1:29:43]} f5 {[%clk 1:30:03]} 4. d3
{[%clk 1:25:02]} fxe4 {[%clk 1:29:49]} 5. dxe4 {[%clk 1:25:18]} Nf6
{[%clk 1:30:13]} 6. O-O {[%clk 1:24:25]} d6 {[%clk 1:24:33]} 7. Qe2
{[%clk 1:18:48]} Be7 {[%clk 1:20:26]} 8. Rd1 {[%clk 1:16:27]} Bd7
{[%clk 1:20:25]} 9. Nbd2 {[%clk 1:16:01]} O-O {[%clk 1:18:28]} 10. Nf1
{[%clk 1:13:43]} Qe8 {[%clk 1:14:53]} 11. Ng3 {[%clk 1:11:02]} Bg4
{[%clk 1:13:19]} 12. h3 {[%clk 1:10:32]} Bxf3 {[%clk 1:11:26]} 13. Qxf3
{[%clk 1:08:54]} Nd4 {[%clk 1:09:38]} 14. Bxe8 {[%clk 1:08:39]} Nxf3+
{[%clk 1:09:52]} 15. gxf3 {[%clk 1:09:04]} Raxe8 {[%clk 1:10:12]} 16. Bg5
{[%clk 0:58:14]} Nd7 {[%clk 1:09:58]} 17. Bxe7 {[%clk 0:57:44]} Rxe7
{[%clk 1:10:24]} 18. Kg2 {[%clk 0:57:50]} g6 {[%clk 1:10:23]} 19. b4
{[%clk 0:57:25]} Ref7 {[%clk 1:10:32]} 20. Rd3 {[%clk 0:57:23]} Nb8
{[%clk 1:10:30]} 21. Re1 {[%clk 0:52:34]} Nc6 {[%clk 1:10:45]} 22. c3
{[%clk 0:52:59]} Nd8 {[%clk 1:11:04]} 23. Ree3 {[%clk 0:51:44]} Ne6
{[%clk 1:11:21]} 24. Ne2 {[%clk 0:52:07]} a5 {[%clk 1:09:24]} 25. Kg3
{[%clk 0:45:39]} axb4 {[%clk 1:08:25]} 26. cxb4 {[%clk 0:45:44]} Ra8
{[%clk 1:06:06]} 27. a3 {[%clk 0:41:23]} Ng7 {[%clk 1:05:58]} 28. Rc3
{[%clk 0:38:48]} Nh5+ {[%clk 1:05:17]} 29. Kg2 {[%clk 0:38:48]} Kf8
{[%clk 1:04:15]} 30. Rc2 {[%clk 0:34:10]} Ng7 {[%clk 0:57:00]} 31. Rcc3
{[%clk 0:30:05]} Ne6 {[%clk 0:57:03]} 32. Rc4 {[%clk 0:29:17]} c6
{[%clk 0:54:58]} 33. Rd3 {[%clk 0:27:31]} Rd7 {[%clk 0:54:16]} 34. Rc2
{[%clk 0:23:45]} Ke7 {[%clk 0:52:04]} 35. Kg3 {[%clk 0:21:24]} Rf8
{[%clk 0:50:13]} 36. Rcc3 {[%clk 0:19:29]} h6 {[%clk 0:49:01]} 37. a4
{[%clk 0:19:26]} Ra8 {[%clk 0:49:14]} 38. Ra3 {[%clk 0:19:04]} g5
{[%clk 0:48:24]} 39. Rd1 {[%clk 0:13:15]} Rdd8 {[%clk 0:47:35]} 40. a5
{[%clk 0:11:54]} Nc7 {[%clk 0:47:32]} 41. Kg2 {[%clk 0:10:19]} Ke6
{[%clk 0:47:46]} 42. Ng3 {[%clk 0:09:40]} Nb5 {[%clk 0:39:45]} 43. Rad3
{[%clk 0:08:47]} Nd4 {[%clk 0:27:45]} 44. Nf5 {[%clk 0:05:33]} c5
{[%clk 0:26:39]} 45. Nxd4+ {[%clk 0:02:24]} exd4 {[%clk 0:26:32]} 46. bxc5
{[%clk 0:02:15]} dxc5 {[%clk 0:26:48]} 47. Rb3 {[%clk 0:02:01]} Rxa5
{[%clk 0:20:33]} 48. Rxb7 {[%clk 0:02:26]} c4 {[%clk 0:20:21]} 49. Rc7
{[%clk 0:02:14]} Ra4 {[%clk 0:09:00]} 50. Rc6+ {[%clk 0:30:26]} Ke7
{[%clk 0:39:39]} 51. Rxh6 {[%clk 0:28:11]} c3 {[%clk 0:38:38]} 52. Rc6
{[%clk 0:28:21]} Ra3 {[%clk 0:38:51]} 53. Rd3 {[%clk 0:28:40]} Ra2
{[%clk 0:37:19]} 54. Kg3 {[%clk 0:27:19]} Rd2 {[%clk 0:35:51]} 55. Rcxc3
{[%clk 0:23:52]} dxc3 {[%clk 0:35:59]} 56. Rxc3 {[%clk 0:24:20]} Rb2
{[%clk 0:35:25]} 57. Rc5 {[%clk 0:24:04]} Kf6 {[%clk 0:34:43]} 58. Rf5+
{[%clk 0:24:30]} Kg6 {[%clk 0:35:08]} 59. Kg4 {[%clk 0:24:49]} Rxf2
{[%clk 0:35:12]} 60. Rxg5+ {[%clk 0:25:05]} Kh6 {[%clk 0:34:27]} 61. Rh5+
{[%clk 0:24:36]} Kg7 {[%clk 0:34:53]} 62. Rg5+ {[%clk 0:24:22]} Kf6
{[%clk 0:35:17]} 63. Rf5+ {[%clk 0:24:33]} Ke6 {[%clk 0:35:36]} 64. h4
{[%clk 0:24:56]} Rg8+ {[%clk 0:35:50]} 65. Kf4 {[%clk 0:24:02]} Rh2
{[%clk 0:34:54]} 66. Re5+ {[%clk 0:23:23]} Kf6 {[%clk 0:34:40]} 67. Rf5+
{[%clk 0:23:37]} Kg7 {[%clk 0:35:08]} 68. Rg5+ {[%clk 0:23:55]} Kf7
{[%clk 0:35:07]} 69. Rf5+ {[%clk 0:24:14]} Ke7 {[%clk 0:35:32]} 70. Re5+
{[%clk 0:24:39]} Kd6 {[%clk 0:35:52]} 71. Rd5+ {[%clk 0:25:01]} Kc6
{[%clk 0:35:39]} 72. Rh5 {[%clk 0:25:25]} Rh3 {[%clk 0:35:57]} 73. Rh6+
{[%clk 0:21:36]} Kd7 {[%clk 0:32:04]} 74. Rh7+ {[%clk 0:21:48]} Ke6
{[%clk 0:31:42]} 75. Rh6+ {[%clk 0:22:04]} Kf7 {[%clk 0:31:58]} 76. e5
{[%clk 0:20:31]} Kg7 {[%clk 0:31:42]} 77. Rf6 {[%clk 0:20:11]} Rf8
{[%clk 0:31:26]} 78. Rxf8 {[%clk 0:20:34]} Kxf8 {[%clk 0:31:53]} 79. Kg4
{[%clk 0:20:58]} Rh1 {[%clk 0:32:18]} 80. f4 {[%clk 0:21:20]} Kf7
{[%clk 0:32:44]} 81. Kg5 {[%clk 0:21:26]} Ke6 {[%clk 0:32:46]} 82. h5
{[%clk 0:21:17]} Rg1+ {[%clk 0:33:09]} 83. Kh6 {[%clk 0:21:19]} Rg4
{[%clk 0:33:26]} 84. Kh7 {[%clk 0:20:54]} Rxf4 {[%clk 0:33:37]} 85. h6
{[%clk 0:21:20]} Rg4 {[%clk 0:34:03]} 86. Kh8 {[%clk 0:21:39]} Kf7
{[%clk 0:34:15]} 87. e6+ {[%clk 0:21:20]} Kg6 {[%clk 0:33:11]} 88. Kg8
{[%clk 0:18:24]} Kxh6+ {[%clk 0:28:35]} 89. Kf8 {[%clk 0:18:49]} Kg6
{[%clk 0:28:54]} 90. e7 {[%clk 0:18:12]} Rf4+ {[%clk 0:29:09]} 91. Kg8
{[%clk 0:18:24]} Re4 {[%clk 0:26:48]} 92. Kf8 {[%clk 0:18:45]} Rxe7
{[%clk 0:26:36]} 1/2-1/2

[Event "WCO2014"]
[Site "Tromso"]
[Date "2014.08.09"]
[Round "7.32"]
[WhiteID "4114310"]
[White "Obodchuk Andrei"]
[BlackID "1103520"]
[Black "Dukaczewski Piotr"]
[Result "0-1"]
[LiveChessVersion "1.4.3"]
[BlackElo "2288"]
[WhiteElo "2372"]

1. d4 {[%clk 1:30:53]} d5 {[%clk 1:30:50]} 2. c4 {[%clk 1:31:17]} dxc4
{[%clk 1:31:15]} 3. e4 {[%clk 1:31:44]} c5 {[%clk 1:31:32]} 4. d5
{[%clk 1:32:12]} Nf6 {[%clk 1:31:55]} 5. Nc3 {[%clk 1:32:05]} b5 {[%clk 1:32:18]}
6. Bf4 {[%clk 1:28:09]} Ba6 {[%clk 1:32:13]} 7. a4 {[%clk 1:20:44]} b4
{[%clk 1:29:11]} 8. Nb5 {[%clk 1:20:54]} Bxb5 {[%clk 1:28:49]} 9. axb5
{[%clk 1:21:20]} Nxe4 {[%clk 1:27:42]} 10. Bxc4 {[%clk 1:20:32]} Nd6
{[%clk 1:21:05]} 11. Qe2 {[%clk 1:13:04]} Nxc4 {[%clk 1:12:12]} 12. Qxc4
{[%clk 1:13:15]} Nd7 {[%clk 1:12:07]} 13. Rd1 {[%clk 1:12:36]} g6
{[%clk 1:10:22]} 14. d6 {[%clk 1:07:15]} e6 {[%clk 1:04:46]} 15. Nf3
{[%clk 1:05:12]} Bg7 {[%clk 1:04:36]} 16. Bg5 {[%clk 1:04:49]} Bf6
{[%clk 1:02:33]} 17. Bh6 {[%clk 1:03:51]} Qb6 {[%clk 0:53:57]} 18. O-O
{[%clk 1:01:12]} Rb8 {[%clk 0:52:12]} 19. Qf4 {[%clk 0:57:15]} Qxb5
{[%clk 0:49:12]} 20. b3 {[%clk 0:55:17]} Qe2 {[%clk 0:42:49]} 21. Rd2
{[%clk 0:52:05]} Qa6 {[%clk 0:42:31]} 22. Re1 {[%clk 0:43:38]} c4
{[%clk 0:41:04]} 23. bxc4 {[%clk 0:41:41]} b3 {[%clk 0:40:51]} 24. Rb1
{[%clk 0:37:09]} b2 {[%clk 0:38:43]} 25. Bg5 {[%clk 0:26:57]} Bc3
{[%clk 0:32:57]} 26. Rdd1 {[%clk 0:26:18]} O-O {[%clk 0:31:16]} 27. Nd2
{[%clk 0:25:12]} Be5 {[%clk 0:24:06]} 28. Qh4 {[%clk 0:25:23]} f6
{[%clk 0:21:27]} 29. Be3 {[%clk 0:21:03]} Qxd6 {[%clk 0:18:50]} 30. Bxa7
{[%clk 0:20:30]} Ra8 {[%clk 0:18:07]} 31. Be3 {[%clk 0:20:14]} Nc5
{[%clk 0:15:08]} 32. Bxc5 {[%clk 0:18:32]} Qxc5 {[%clk 0:15:27]} 33. Nf3
{[%clk 0:18:25]} Rfd8 {[%clk 0:12:14]} 34. Re1 {[%clk 0:17:04]} Bc3
{[%clk 0:10:56]} 35. Rf1 {[%clk 0:15:14]} Qf5 {[%clk 0:10:16]} 36. Qh3
{[%clk 0:14:14]} Qxh3 {[%clk 0:08:45]} 37. gxh3 {[%clk 0:14:44]} Ra1
{[%clk 0:08:20]} 38. c5 {[%clk 0:15:04]} Rc8 {[%clk 0:07:18]} 0-1

[Event "WCO2014"]
[Site "Tromso"]
[Date "2014.08.09"]
[Round "7.31"]
[WhiteID "4107101"]
[White "Meshkov Yuri A."]
[BlackID "14114496"]
[Black "Yarmonov Igor"]
[Result "0-1"]
[LiveChessVersion "1.4.3"]
[BlackElo "2329"]
[WhiteElo "2357"]

1. c4 {[%clk 1:30:58]} e5 {[%clk 1:30:36]} 2. g3 {[%clk 1:31:15]} Nf6
{[%clk 1:30:45]} 3. Bg2 Bc5 {[%clk 1:30:30]} 4. a3 {[%clk 1:30:17]} a5
{[%clk 1:29:09]} 5. Nc3 {[%clk 1:26:38]} O-O {[%clk 1:29:32]} 6. e3
{[%clk 1:24:53]} d6 {[%clk 1:25:47]} 7. Nge2 {[%clk 1:21:07]} c6 {[%clk 1:24:11]}
8. d4 Bb6 {[%clk 1:24:18]} 9. h3 {[%clk 1:13:52]} h6 {[%clk 1:16:24]} 10. O-O
{[%clk 1:12:33]} Na6 {[%clk 1:13:40]} 11. b4 Nc7 {[%clk 1:08:13]} 12. Rb1
{[%clk 0:47:39]} exd4 {[%clk 1:05:30]} 13. exd4 {[%clk 0:47:05]} axb4
{[%clk 1:03:44]} 14. axb4 {[%clk 0:47:13]} Bf5 {[%clk 1:00:12]} 15. c5
{[%clk 0:46:23]} Ba7 {[%clk 1:00:10]} 16. Ra1 {[%clk 0:46:30]} Bb8
{[%clk 0:59:40]} 17. Rxa8 {[%clk 0:35:29]} Nxa8 {[%clk 1:00:04]} 18. Qa4
{[%clk 0:34:35]} Nc7 {[%clk 0:59:43]} 19. cxd6 {[%clk 0:34:39]} Qxd6
{[%clk 0:56:54]} 20. Bf4 {[%clk 0:34:05]} Qd7 {[%clk 0:55:33]} 21. g4
{[%clk 0:33:43]} Be6 {[%clk 0:55:14]} 22. Be5 {[%clk 0:34:07]} Nfd5
{[%clk 0:47:32]} 23. Ne4 {[%clk 0:32:31]} Nb5 {[%clk 0:44:35]} 24. Nc5
{[%clk 0:07:32]} Qe7 {[%clk 0:44:53]} 25. Nxe6 {[%clk 0:05:52]} Qxe6
{[%clk 0:44:52]} 26. Qa1 {[%clk 0:03:53]} Re8 {[%clk 0:27:41]} 27. Bxb8
{[%clk 0:04:12]} Rxb8 {[%clk 0:27:03]} 28. Qb2 {[%clk 0:04:30]} Re8
{[%clk 0:26:38]} 29. Bf3 {[%clk 0:03:24]} h5 {[%clk 0:21:20]} 30. Rc1
{[%clk 0:03:53]} hxg4 {[%clk 0:20:54]} 31. hxg4 {[%clk 0:02:48]} Qf6
{[%clk 0:16:33]} 32. Qb3 {[%clk 0:02:32]} Nf4 {[%clk 0:15:56]} 33. Nxf4
{[%clk 0:01:08]} Qxf4 {[%clk 0:16:15]} 0-1

[Event "WCO2014"]
[Site "Tromso"]
[Date "2014.08.09"]
[Round "7.29"]
[WhiteID "4633385"]
[White "Mueller Oliver"]
[BlackID "4135164"]
[Black "Vodyasov Evgeny"]
[Result "1/2-1/2"]
[LiveChessVersion "1.4.3"]
[BlackElo "2226"]
[WhiteElo "2312"]

1. d4 e6 2. c4 f5 3. Nf3 Nf6 4. Nc3 Bb4 5. Qb3 Qe7 6. g3 b6 7. Bg2 Bb7 8. O-O
Bxc3 9. Qxc3 O-O 10. a3 a5 11. Bg5 d6 12. d5 e5 13. e4 fxe4 14. Nd2 Nbd7 15. Rae1
h6 16. Bxf6 Nxf6 17. Nxe4 Nxe4 18. Bxe4 Qg5 19. b3 Bc8 20. Qe3 Qxe3 21. fxe3 Bh3
22. Bg2 Bg4 23. h3 Rxf1+ 24. Bxf1 Bf5 25. e4 Bd7 26. Kg2 Rf8 27. Be2 g6 28. Rf1
Rxf1 29. Bxf1 Kf7 30. Kf3 Kf6 31. Ke3 g5 32. g4 Ke7 33. Kd3 1/2-1/2

[Event "WCO2014"]
[Site "Tromso"]
[Date "2014.08.09"]
[Round "7.26"]
[WhiteID "8603006"]
[White "Ju Wenjun"]
[BlackID "4167570"]
[Black "Gunina Valentina"]
[Result "1/2-1/2"]
[LiveChessVersion "1.4.3"]
[BlackElo "2524"]
[WhiteElo "2559"]

1. Nf3 {[%clk 1:30:56]} d5 {[%clk 1:30:36]} 2. g3 {[%clk 1:31:19]} c6
{[%clk 1:30:43]} 3. Bg2 {[%clk 1:31:25]} Bg4 {[%clk 1:30:49]} 4. O-O
{[%clk 1:31:23]} e6 {[%clk 1:30:20]} 5. d4 {[%clk 1:29:44]} Nd7 {[%clk 1:28:31]}
6. Nbd2 {[%clk 1:30:01]} Ngf6 {[%clk 1:28:24]} 7. Re1 {[%clk 1:29:36]} Be7
{[%clk 1:28:07]} 8. e4 {[%clk 1:29:25]} dxe4 {[%clk 1:25:52]} 9. Nxe4
{[%clk 1:29:50]} Nxe4 {[%clk 1:21:50]} 10. Rxe4 {[%clk 1:30:16]} Bh5
{[%clk 1:21:05]} 11. c3 {[%clk 1:19:08]} O-O {[%clk 1:17:22]} 12. Qb3
{[%clk 1:17:18]} Qb6 {[%clk 1:02:12]} 13. Re1 {[%clk 1:11:48]} Rfd8
{[%clk 0:55:38]} 14. Bf4 {[%clk 1:11:00]} Nf6 {[%clk 0:53:37]} 15. Ne5
{[%clk 1:10:06]} Nd5 {[%clk 0:48:47]} 16. Bd2 {[%clk 1:09:50]} Qc7
{[%clk 0:40:52]} 17. c4 {[%clk 1:03:10]} Nf6 {[%clk 0:40:19]} 18. Bc3
{[%clk 1:00:25]} Rab8 {[%clk 0:34:25]} 19. Qa4 {[%clk 0:49:10]} Nd7
{[%clk 0:16:05]} 20. Nxd7 {[%clk 0:26:38]} Rxd7 {[%clk 0:16:27]} 21. Qxa7
{[%clk 0:26:36]} Qd8 {[%clk 0:15:13]} 22. d5 {[%clk 0:24:29]} b6 {[%clk 0:11:12]}
23. Qa4 {[%clk 0:24:22]} cxd5 {[%clk 0:10:45]} 24. cxd5 {[%clk 0:24:48]} exd5
{[%clk 0:11:01]} 25. Re5 {[%clk 0:17:50]} d4 {[%clk 0:05:07]} 26. Rxh5
{[%clk 0:10:23]} dxc3 {[%clk 0:05:32]} 27. bxc3 {[%clk 0:10:50]} g6
{[%clk 0:05:03]} 28. Re5 {[%clk 0:09:09]} Bf6 {[%clk 0:04:42]} 29. Re3
{[%clk 0:09:19]} b5 {[%clk 0:05:02]} 30. Qb4 {[%clk 0:09:40]} Rd3
{[%clk 0:02:49]} 31. Rxd3 {[%clk 0:08:54]} Qxd3 {[%clk 0:03:18]} 32. Qf4
{[%clk 0:09:20]} Rb6 {[%clk 0:02:53]} 33. Rc1 {[%clk 0:07:40]} Bxc3
{[%clk 0:00:58]} 34. Bf1 {[%clk 0:04:45]} Qd4 {[%clk 0:01:06]} 35. Qxd4
{[%clk 0:04:49]} Bxd4 {[%clk 0:01:35]} 36. Rd1 {[%clk 0:04:38]} Rd6
{[%clk 0:01:26]} 37. Kg2 {[%clk 0:04:55]} b4 {[%clk 0:01:48]} 38. Bc4
{[%clk 0:04:30]} Kg7 {[%clk 0:02:00]} 39. Re1 {[%clk 0:04:29]} Bf6
{[%clk 0:01:36]} 40. Re2 {[%clk 0:04:29]} Kf8 {[%clk 0:01:39]} 41. Bb3
{[%clk 0:04:22]} Bc3 {[%clk 0:01:53]} 42. Re4 {[%clk 0:01:42]} Rd2
{[%clk 0:01:53]} 43. Kf3 {[%clk 0:01:33]} Bd4 {[%clk 0:01:18]} 1/2-1/2

[Event "WCO2014"]
[Site "Tromso"]
[Date "2014.08.09"]
[Round "7.28"]
[WhiteID "8603642"]
[White "Tan Zhongyi"]
[BlackID "4195752"]
[Black "Girya Olga"]
[Result "0-1"]
[LiveChessVersion "1.4.3"]
[BlackElo "2484"]
[WhiteElo "2468"]

1. d4 {[%clk 1:30:52]} d5 {[%clk 1:30:50]} 2. c4 {[%clk 1:30:14]} c6
{[%clk 1:31:15]} 3. Nf3 {[%clk 1:30:29]} Nf6 {[%clk 1:31:39]} 4. Nc3
{[%clk 1:30:52]} dxc4 {[%clk 1:32:00]} 5. a4 {[%clk 1:31:07]} Bf5
{[%clk 1:32:17]} 6. Ne5 {[%clk 1:31:29]} Nbd7 {[%clk 1:32:08]} 7. Nxc4
{[%clk 1:31:50]} Nb6 {[%clk 1:32:11]} 8. Ne5 {[%clk 1:31:24]} a5 {[%clk 1:32:04]}
9. f3 {[%clk 1:30:51]} Nfd7 {[%clk 1:31:09]} 10. e4 {[%clk 1:30:52]} Nxe5
{[%clk 1:31:30]} 11. exf5 {[%clk 1:31:16]} Ned7 {[%clk 1:31:32]} 12. d5
{[%clk 1:31:32]} Nf6 {[%clk 1:31:22]} 13. dxc6 {[%clk 1:19:25]} Qxd1+
{[%clk 1:31:44]} 14. Nxd1 {[%clk 1:19:24]} bxc6 {[%clk 1:32:10]} 15. Bd2
{[%clk 1:17:56]} g6 {[%clk 1:24:52]} 16. Rc1 {[%clk 1:16:10]} Kd7
{[%clk 1:22:06]} 17. Nf2 {[%clk 1:03:28]} Bg7 {[%clk 1:13:16]} 18. Nd3
{[%clk 1:01:04]} Nfd5 {[%clk 1:12:05]} 19. fxg6 {[%clk 0:58:35]} hxg6
{[%clk 1:12:20]} 20. b3 {[%clk 0:57:54]} Bd4 {[%clk 0:52:27]} 21. f4
{[%clk 0:53:27]} Kd6 {[%clk 0:45:30]} 22. Be2 {[%clk 0:53:26]} Nd7
{[%clk 0:31:15]} 23. h4 {[%clk 0:46:32]} N7f6 {[%clk 0:23:31]} 24. Ne5
{[%clk 0:43:03]} Bxe5 {[%clk 0:23:26]} 25. fxe5+ {[%clk 0:43:30]} Kxe5
{[%clk 0:23:51]} 26. Rxc6 {[%clk 0:43:33]} Rhc8 {[%clk 0:16:55]} 27. Rc4
{[%clk 0:40:05]} Ne4 {[%clk 0:15:17]} 28. h5 {[%clk 0:36:31]} Nxd2
{[%clk 0:12:27]} 29. Kxd2 {[%clk 0:36:41]} Rd8 {[%clk 0:11:02]} 30. Rc5
{[%clk 0:36:06]} gxh5 {[%clk 0:05:37]} 31. Bxh5 {[%clk 0:31:57]} f5
{[%clk 0:05:11]} 32. Re1+ {[%clk 0:16:45]} Kf6 {[%clk 0:04:00]} 33. Bf3
{[%clk 0:15:24]} Nb4+ {[%clk 0:02:57]} 34. Ke2 {[%clk 0:15:40]} Ra6
{[%clk 0:02:46]} 35. Rc3 {[%clk 0:09:57]} e5 {[%clk 0:01:30]} 36. Rd1
{[%clk 0:08:25]} Rxd1 {[%clk 0:01:42]} 37. Kxd1 {[%clk 0:08:48]} Rd6+
{[%clk 0:01:58]} 38. Ke1 {[%clk 0:09:07]} e4 {[%clk 0:01:23]} 39. Be2
{[%clk 0:09:32]} Ke5 {[%clk 0:01:11]} 40. g3 {[%clk 0:08:50]} Kd4
{[%clk 0:01:02]} 41. Kd2 {[%clk 0:05:53]} Ke5+ {[%clk 0:00:39]} 42. Ke1
{[%clk 0:06:05]} Kd4 {[%clk 0:15:26]} 43. Kd2 {[%clk 0:33:04]} Rg6
{[%clk 0:09:48]} 44. Rc4+ {[%clk 0:33:02]} Kd5 {[%clk 0:10:09]} 45. Rc3
{[%clk 0:33:03]} Kd6 {[%clk 0:09:38]} 46. Bb5 {[%clk 0:31:59]} Rh6
{[%clk 0:09:45]} 47. Rc8 {[%clk 0:29:58]} Rh2+ {[%clk 0:09:35]} 48. Ke1
{[%clk 0:30:23]} Rg2 {[%clk 0:07:57]} 49. Rg8 {[%clk 0:29:39]} Nc2+
{[%clk 0:06:50]} 50. Kf1 {[%clk 0:30:02]} Ne3+ {[%clk 0:07:15]} 51. Ke1
{[%clk 0:30:29]} Kc5 {[%clk 0:04:29]} 52. Be2 {[%clk 0:29:14]} Kd4
{[%clk 0:04:02]} 53. b4 {[%clk 0:29:35]} axb4 {[%clk 0:04:06]} 54. a5
{[%clk 0:29:54]} Rg1+ {[%clk 0:03:00]} 55. Kf2 {[%clk 0:30:18]} Rg2+
{[%clk 0:03:24]} 56. Ke1 {[%clk 0:30:45]} Rg1+ {[%clk 0:03:53]} 57. Kf2
{[%clk 0:29:44]} Ra1 {[%clk 0:04:16]} 58. a6 {[%clk 0:28:42]} Ra2
{[%clk 0:03:39]} 59. Rb8 {[%clk 0:25:50]} Ng4+ {[%clk 0:02:08]} 60. Kg1
{[%clk 0:24:18]} Ke3 {[%clk 0:00:47]} 61. Bc4 {[%clk 0:23:49]} Ra4
{[%clk 0:00:51]} 62. Bf1 {[%clk 0:22:53]} Kf3 {[%clk 0:00:58]} 63. Rf8
{[%clk 0:18:54]} Ne3 {[%clk 0:01:17]} 64. g4 {[%clk 0:19:20]} Ra1
{[%clk 0:01:07]} 65. Rxf5+ {[%clk 0:18:20]} Nxf5 {[%clk 0:01:35]} 66. gxf5
{[%clk 0:18:45]} e3 {[%clk 0:01:32]} 67. Kh2 {[%clk 0:19:02]} e2 {[%clk 0:01:21]}
0-1